Statistics for 1960s Celebrities by Picture #1

Click here to take the quiz!

General Stats

  • This quiz has been taken 21,033 times
  • The average score is 11 of 16

Answer Stats

Answer % Correct
John F. Kennedy
99%
Muhammad Ali
94%
Yoko Ono
88%
John Lennon
84%
Clint Eastwood
81%
Ray Charles
78%
Che Guevara
75%
Bob Dylan
72%
Bruce Lee
57%
Julie Andrews
55%
Andy Griffith
53%
Mary Tyler Moore
51%
Janis Joplin
46%
Kirk Douglas
45%
Art Garfunkel
33%
Peter Sellers
23%

Score Distribution

Percentile by Number Answered

Percent of People with Each Score

Your Score History

You have not taken this quiz